000 00612nam a2200241Ia 4500
003 OSt
005 20220918211128.0
006 a|||||r|||| 00| 0
007 ta
008 220917b |||||||| |||| 00| 0 eng d
024 _a123,424
037 _cTextual
040 _aARTS
_cARTS
_beng
041 _2eng
_aeng
082 _aW:19(zA), L3
100 _aHartmann Frederick H
_9120069
245 0 _aRelations of Nations
250 _a4th
260 _aNA
_bNA
_c1973
650 _aPOLITICAL SCIENCE
942 _hW:19(zA), L3
_cTEXL
_2CC
999 _c246613
_d246613